1058 1022 1061 1857 1890 1485 1090 1173 1141 1673 1575 1903 1175 1017 1948 1206 1479 1267 1791 1645 1301 1358 1607 1550 1962 1618 1462 1422 1305 1811 1144 1260 1246 1162 1650 1716 1939 1342 1605 1293 1115 1101 1431 1214 1964 1990 1042 1731 1777 1325 1701 1377 1115 1184 1612 1286 1388 1304 1912 1555 1544 1983 1794 1875 1607 1997 1240 1948 1093 1075 1609 1432 1749 1815 1254 1535 1915 1384 1231 1278 1458 1145 1648 1053 1224 1446 1490 1829 1614 1900 1013 1667 1954 1636 1310 1022 1188 1466 1261 BCNSPRNW ULIB Ver.6.0+V

เปลี่ยนเป็นภาษาไทย

Change to English
 แสดงรายละเอียดบรรณานุกรม
  กลับหน้าหลัก

Brief Record : Get Marc (ISO 2709) : E-mail record : QR code < ปิดหน้าต่าง
LEADER : 00000nam 2200000uu 4500
001    13399123316
003     ULIB
008    140820s2556||||th 000 0 tha d
099    วจ.WY200^bธ3686ก
100 0  ธีรารัตน์ บุญกุณะ และอุษณีย์ วรรณาลัย
245 00 การบุรณาการกระบวนการวิจัยและกระบวนการวินิจฉัยชุมชน วิชาการพยาบาลครอบครัวและชุมชน 2/^cธีรารัตน์ บุญกุณะ และอุษณีย์ วรรณาลัย
260    ลำปาง:^bวิทยาลัยพยาบาลบรมราชชนนี นครลำปาง,^c2556
300    35 หน้า
650  0 การพยาบาลครอบครัวและชุมชน 2^xวิจัย
650  0 การเรียนการสอนแบบบูรณาการ^xวิจัย
700 0  ษณีย์ วรรณาลัย^eผู้ร่วมวิจัย
945    ^p0^l0^i034616
999    ^aเกษร โพธิ์สุวรรณ
รายการนี้ยังไม่มีแท็ก
คุณยังไม่ได้ล็อกอิน คุณสามารถมีกิจกรรมร่วมกับเว็บไซต์ได้ แต่ต้องล็อกอินก่อน ::
  ล็อกอิน

รายการสื่อสารสนเทศ

ลำดับที่ ประเภท เลขเรียก/บาร์โค้ด สถานที่ สถานะ
1. งานวิจัย
งานวิจัย
วจ.WY200 ธ3686ก ฉ.1 
  Barcode: 034616
ห้องสมุดวิทยาเขตสวรรค์ประชารักษ์
►วิจัย
บนชั้น

BibComment


ยังไม่เคยถูกคอมเมนท์

คอมเมนท์ทรัพยากรรายการนี้
  คอมเมนท์: การบุรณาการกระบวน..


 Copyright 2026. Bcnsprnw @Library